000 00329 a2200157 4500
001 56874
020 _a8570560281
040 _cAnchieta - Pituba
100 _aGarcia, Edson Gabriel
240 1 0 _aTreze contos
_lpor
245 1 0 _aTreze contos
300 _a76
362 0 _a1998
650 4 _aLiteratura juvenil
942 _cBK
999 _c56874
_d56874